000 00620nam a2200241Ia 4500
001 41051
005 20240114003403.0
007 ta
008 080204s1986 g b000 u 465 u
020 _a0-19-812873-8
040 _aCottonCollege,Assam
041 _a465
082 _a823.9
_bSA 31 En
100 _aSalzman, Paul .
245 0 _aEnglish Prose Selection /
_cPaul Salzman.
_hTextual Documents
250 _aist edn /
260 _aLondon :
_bClarendon Press ,
_c1986.
300 _a391pg ;
_c23cm.
653 _aG-Prose (English)
942 _2ddc
_cBK
999 _c41021
_d41021